000 00639nam a2200277Ia 4500
005 20260324111459.0
008 008 260324s9999 xx 000 0 eng d
020 _a9781032629339
037 _aEBOOK
040 _aCRL
040 _beng
040 _cCRL
041 _2eng
041 _aeng
084 _qCRL
100 _aJane Barter
_91138741
245 0 _aTheopolitics and the Era of the Witness
260 _bTaylor and Francis
260 _c2025
365 _a
365 _b230
856 _uhttp://www.taylorfrancis.com/books/9781032629339
942 _cEBOOK
999 _c1727578
_d1727578